| Tag |
First Indicator |
Second Indicator |
Subfields |
| LEADER |
00000cam a2200000 i 4500 |
| 001 |
in00003925721 |
| 005 |
20171222101002.0 |
| 008 |
170610s2017 vtu b 001 0 eng |
| 010 |
|
|
|a 2017023754
|
| 035 |
|
|
|a (OCoLC)ocn985073408
|
| 040 |
|
|
|a DLC
|b eng
|e rda
|c DLC
|d BTCTA
|d YDX
|d BDX
|d OCLCO
|d OCLCF
|d OCLCQ
|d JY2
|d IH9
|d YDX
|d OCLCO
|d ZAC
|d IGA
|d FM0
|
| 020 |
|
|
|a 9781603587457
|q paperback
|
| 020 |
|
|
|a 1603587454
|q paperback
|
| 020 |
|
|
|z 9781603587464
|q electronic book
|
| 024 |
8 |
|
|a 99974219038
|
| 035 |
|
|
|a (OCoLC)985073408
|
| 042 |
|
|
|a pcc
|
| 050 |
0 |
0 |
|a BD460.O74
|b M84 2017
|
| 082 |
0 |
0 |
|a 128
|2 23
|
| 049 |
|
|
|a TXAM
|
| 100 |
1 |
|
|a Mueller, Martin Lee,
|e author.
|
| 245 |
1 |
0 |
|a Being salmon, being human :
|b encountering the wild in us and us in the wild /
|c Martin Lee Mueller.
|
| 264 |
|
1 |
|a White River Junction, Vermont :
|b Chelsea Green Publishing,
|c [2017]
|
| 300 |
|
|
|a xxii, 344 pages ;
|c 23 cm
|
| 336 |
|
|
|a text
|b txt
|2 rdacontent
|
| 337 |
|
|
|a unmediated
|b n
|2 rdamedia
|
| 338 |
|
|
|a volume
|b nc
|2 rdacarrier
|
| 504 |
|
|
|a Includes bibliographical references and index.
|
| 505 |
0 |
|
|a Storytelling animal -- Hidden salmon -- Exploited captives -- Keystone -- The sea in our veins -- Being human -- This animate waterworld -- Being salmon -- The earth ever struggles to be heard -- Salmon boy -- In the shadow of the standing reserve -- The salmon fairytale -- Drawn inside geostory -- The story of the smolts.
|
| 520 |
|
|
|a "In the pages of Being Salmon, Being Human, Martin Lee Mueller confronts Western culture's tragic alienation from nature by focusing on the relationship between people and salmon--weaving together key narratives about the Norwegian salmon industry as well as wild salmon in indigenous cultures of the Pacific Northwest. Mueller uses this lens to articulate a critique of human exceptionalism, challenging the four-century-old notion that other animals are nothing but complicated machines without rich inner lives and that Earth is a passive backdrop to human experience. Being fully human, he argues, means experiencing the intersection of our horizon of understanding with that of other animals. Salmon are the test case for this. Mueller experiments, in evocative narrative passages, with imagining the world as a salmon might see it and considering how this enriches our understanding of humanity in the process. Being Salmon, Being Human rewards readers with insightful interpretations of major philosophers--Descartes, Heidegger, Abram, and many more--and reflections on the human-Earth relationship, heralding a new "Copernican revolution" in the fields of biology, ecology, and philosophy"--Jacket flap.
|
| 650 |
|
0 |
|a Other (Philosophy)
|
| 650 |
|
0 |
|a Human beings.
|
| 650 |
|
0 |
|a Storytelling.
|
| 650 |
|
0 |
|a Ecology
|x Philosophy.
|
| 650 |
|
0 |
|a Philosophy of nature.
|
| 650 |
|
0 |
|a Human ecology
|x Philosophy.
|
| 650 |
|
7 |
|a Ecology
|x Philosophy.
|2 fast
|0 (OCoLC)fst00901514
|
| 650 |
|
7 |
|a Human beings.
|2 fast
|0 (OCoLC)fst00962832
|
| 650 |
|
7 |
|a Human ecology
|x Philosophy.
|2 fast
|0 (OCoLC)fst00962959
|
| 650 |
|
7 |
|a Other (Philosophy)
|2 fast
|0 (OCoLC)fst01048904
|
| 650 |
|
7 |
|a Philosophy of nature.
|2 fast
|0 (OCoLC)fst01060845
|
| 650 |
|
7 |
|a Storytelling.
|2 fast
|0 (OCoLC)fst01134169
|
| 650 |
|
7 |
|a NATURE / Animals / Fish.
|2 bisacsh
|
| 650 |
|
7 |
|a NATURE / Ecology.
|2 bisacsh
|
| 650 |
|
7 |
|a NATURE / Environmental Conservation & Protection.
|2 bisacsh
|
| 650 |
|
7 |
|a SCIENCE / Life Sciences / Ecology.
|2 bisacsh
|
| 650 |
|
7 |
|a SCIENCE / Philosophy & Social Aspects.
|2 bisacsh
|
| 650 |
|
7 |
|a SOCIAL SCIENCE / Anthropology.
|2 bisacsh
|
| 650 |
|
7 |
|a TECHNOLOGY & ENGINEERING / Fisheries & Aquaculture.
|2 bisacsh
|
| 945 |
|
|
|b 353593
|
| 947 |
|
|
|a A14850262933
|
| 994 |
|
|
|a 92
|b TXA
|
| 948 |
|
|
|a Cataloged
|b h
|c 2017/12/22
|d c
|e TMinier
|f 10:09:35 AM
|
| 999 |
f |
f |
|s 8077b65e-50d3-360e-8203-068d7b25dac2
|i 24246d31-ac9f-33bd-a5b6-f323a33fe5da
|t 0
|
| 952 |
f |
f |
|p normal
|a Texas A&M University
|b College Station
|c Sterling C. Evans Library
|d Evans: Library Stacks
|t 0
|e BD460.O74 M84 2017
|h Library of Congress classification
|i unmediated -- volume
|m A14850262933
|
| 998 |
f |
f |
|a BD460.O74 M84 2017
|t 0
|l Evans: Library Stacks
|